[Event "COL-ch U14 Girls"]
[Site "Barranquilla"]
[Date "2024.04.11"]
[Round "1"]
[White "Morales Perez, Ghisell Gabriela"]
[Black "Barreto Pulido, Mariana"]
[Result "1/2-1/2"]
[WhiteElo "1841"]
[BlackElo "1520"]
[PlyCount "56"]
[EventDate "2024.04.11"]
[EventType "swiss"]
[EventRounds "7"]
[EventCountry "COL"]
[SourceTitle "CB18_2024"]
[SourceDate "2024.05.01"]
[SourceVersion "1"]
[SourceVersionDate "2024.05.01"]
[SourceQuality "2"]

1. e4 c5 2. Nf3 d6 3. Bc4 Nf6 4. Nc3 Nc6 5. d4 cxd4 6. Nxd4 g6 7. Nxc6 bxc6 8. e5 Nd7 9. exd6 exd6 10. Bf4 d5 11. 0-0 Nf6 12. Re1+ Be6 13. Qf3 Bg7 14. Rad1 0-0 15. h3 Qb6 16. Bb3 Rfe8 17. Be3 Qb7 18. Bd4 Bf5 19. Bxf6 Bxf6 20. Nxd5 Bxb2 21. g4 Bxc2 22. Bxc2 cxd5 23. Rxe8+ Rxe8 24. Bb3 Qb4 25. Bxd5 Re1+ 26. Kg2 Re7 27. Rd3 Bd4 28. Bb3 Bb6 1/2-1/2

[Event "COL-ch sf (Women)"]
[Site "Pereira"]
[Date "2024.03.28"]
[Round "3"]
[White "Montilla Reyes, Jorcerys"]
[Black "Morales Perez, Ghisell Gabriela"]
[Result "1/2-1/2"]
[WhiteElo "2189"]
[BlackElo "1817"]
[PlyCount "108"]
[EventDate "2024.03.27"]
[EventType "swiss"]
[EventRounds "9"]
[EventCountry "COL"]
[SourceTitle "CB14_2024"]
[SourceDate "2024.04.01"]
[SourceVersion "1"]
[SourceVersionDate "2024.04.01"]
[SourceQuality "1"]

1. d4 Nf6 2. c4 c5 3. d5 b5 4. cxb5 a6 5. Nc3 axb5 6. Nxb5 Ba6 7. Nc3 g6 8. e4 Bxf1 9. Kxf1 d6 10. g3 Bg7 11. Kg2 Nbd7 12. Nf3 0-0 13. Qe2 Qc7 14. a4 Rfb8 15. Nb5 Qb7 16. Bd2 Ne8 17. Bc3 Nc7 18. Nxc7 Qxc7 19. Bxg7 Kxg7 20. Qc2 Qb7 21. Qc3+ Nf6 22. Rhb1 Qb4 23. e5 Nxd5 24. Qd3 Qb3 25. Qd2 Rd8 26. Ra3 Qb7 27. exd6 exd6 28. Kg1 Nf6 29. a5 Qe4 30. Re1 Qb7 31. Qc3 Rdb8 32. Re2 Qb4 33. Qxb4 Rxb4 34. b3 Kf8 35. Rea2 Ra6 36. Nd2 d5 37. Ra4 Rb5 38. Kf1 h5 39. f3 Nd7 40. Ke2 Ne5 41. f4 Nc6 42. Kd1 Rbxa5 43. Rxa5 Rxa5 44. Rxa5 Nxa5 45. Kc2 Nc6 46. Nf3 f6 47. Kc3 Kf7 48. Ne1 Nb4 49. Nf3 Nc6 50. Ne1 Nb4 51. Nf3 Nc6 52. Ne1 Nb4 53. Nf3 Ke6 54. Kd2 d4 1/2-1/2